=LDR 00000nam 2200000 4500 =001 INLIS000000000033721 =005 20130612135647 =008 ***********************************ind** =035 ##$$0010-061300000033721 =041 ##$$a ind =082 ##$$a 346.09 =090 ##$$a 346.09, Unt h =100 ##$$a Untung, Hendrik Budi, SH.CN.,MM =245 ##$$a Hukum investasi/Dr. Hendrik Budi Untung =260 ##$$a 2010 $b Jakarta =300 ##$$a xi,142 hlm., Ilus, 20 cm =650 ##$$a Investasi =850 ##$$a NBPNMAT =990 ##$$a 93993/BPAP-NTB/2014 =990 ##$$a 0001/BPAP-NTB/2016